000 00334nam a2200133Ia 4500
008 240624s9999 xx 000 0 und d
041 _aeng
082 _a791.4302 GUP
100 _aGUPTA NEENA
245 _aSACH KAHUN TOH AN AUTOBIOGRAPHY
260 _c2021
_aUSA
_bPenguin Random House
300 _a295p. ;23cm.
365 _cRS
_b33
999 _c32740
_d32740